Proceedings of the 7th International students conference "Modern analytical chemistry": Prague, 29-30 September 2011

Salvato in:
Dettagli Bibliografici
Altri autori: Nesměrák, Karel 1974- (Redattore)
Natura: Libro
Lingua:inglese
Pubblicazione: Prague Charles University, Faculty of Sciences 2011
Edizione:1st ed.
Soggetti:
Accesso online:Visualizza in OPAC
Tags: Aggiungi Tag
Nessun Tag, puoi essere il primo ad aggiungerne!!

MARC

LEADER 00000nam a2200000 a 4500
005 20260127134105.0
008 111102 2011 000 0 eng d
020 |a 9788074440106 
035 |a vtls010321862 
039 9 |y 201111021039  |z mschk03 
040 |a STUSCHK1  |b slo  |c STUSCHK1  |e AACR2 
080 |a 543 
080 |a (062.534) 
245 1 |a Proceedings of the 7th International students conference "Modern analytical chemistry":  |b Prague, 29-30 September 2011  |c edited by Karel Nesměrák 
250 |a 1st ed. 
260 |a Prague  |b Charles University, Faculty of Sciences  |c 2011 
300 |a 98 s.  |b tb., grafy 
650 0 |a analytická chémia 
655 7 |a zborníky konferencií 
700 1 |a Nesměrák, Karel  |d 1974-  |4 edt 
910 |a SCHK95 
919 |a 978-80-7444-010-6 
999 |c 3856  |d 3856